アメダス観測点の読み方(中部地方) - Statistics

General Stats
  • This quiz has been taken 94 times
  • The average score is 32 of 50
Answer Stats
観測点 読み方 都道府県 % Correct
御殿場 ごてんば 静岡県
98%
糸魚川 いといがわ 新潟県
96%
魚津 うおづ 富山県
95%
富士山 ふじさん 静岡県・山梨県
93%
珠洲 すず 石川県
93%
揖斐川 いびがわ 岐阜県
91%
上野原 うえのはら 山梨県
91%
韮崎 にらさき 山梨県
91%
上高地 かみこうち 長野県
91%
蒲郡 がまごおり 愛知県
89%
砺波 となみ 富山県
89%
羽咋 はくい 石川県
88%
南木曽 なぎそ 長野県
86%
大府 おおぶ 愛知県
85%
九頭竜 くずりゅう 福井県
85%
立科 たてしな 長野県
85%
猪谷 いのたに 富山県
79%
東御 とうみ 長野県
78%
宝達志水 ほうだつしみず 石川県
78%
鍵穴 かぎあな 静岡県
78%
寺泊 てらどまり 新潟県
76%
聖高原 ひじりこうげん 長野県
76%
天城山 あまぎさん 静岡県
76%
武生 たけふ 福井県
75%
高遠 たかとお 長野県
74%
乙女湖 おとめこ 山梨県
74%
大飯 おおい 福井県
73%
三ヶ日 みっかび 静岡県
71%
網代 あじろ 静岡県
69%
下関 しもせき 新潟県
68%
古関 ふるせき 山梨県
60%
白山白峰 はくさんしらみね 石川県
60%
丹生川 にゅうかわ 岐阜県
50%
石廊崎 いろうざき 静岡県
48%
伽藍 がらん 岐阜県
44%
鬼無里 きなさ 長野県
40%
付知 つけち 岐阜県
40%
立山芦峅 たてやまあしくら 富山県
39%
舳倉島 へぐらじま 石川県
39%
作手 つくで 愛知県
33%
三面 みおもて 新潟県
30%
弾崎 はじきざき 新潟県
29%
越廼 こしの 福井県
29%
御母衣 みぼろ 岐阜県
29%
六厩 むまや 岐阜県
28%
鹿教湯 かけゆ 長野県
25%
有東木 うとうぎ 静岡県
24%
羽茂 はもち 新潟県
24%
医王山 いおうぜん 石川県
19%
筒方 どうがた 新潟県
11%
No matching quizzes found
Score Distribution
Percent of People with Each Score
Percentile by Number Answered
Your Score History
You have not taken this quiz